| 000 | 00482nam a2200181Ia 4500 | ||
|---|---|---|---|
| 003 | GCL | ||
| 008 | 140319s9999 xx 000 0 eng d | ||
| 040 |
_aGCL / _cGCL |
||
| 082 | 0 | 4 |
_aCC _b910.202 _bC C |
| 100 | 1 | _aCOWLEY,DEBORAK | |
| 245 | 1 | 0 |
_aCAIRO: A PRACTICAL GUIDE / _cCOWLEY,DEBORAK |
| 700 | 1 | _aSENWR, ALEYA | |
| 260 |
_a[S.N] : _bTHE AMERICAN UNIVERSITY IN CAIRO PRESS ، _c1975 |
||
| 300 | _a158 | ||
| 650 | 0 | 4 | _aWORLD TRAVEL GUIDES |
| 650 | 0 | 4 | _aCAIRO |
| 942 |
_2ddc _cBK |
||
| 999 |
_c13001 _d13001 |
||